000 00695nam a22002177a 4500
003 0
005 20250902152754.0
008 250902b xxu||||| |||| 00| 0 eng d
020 _a978-1-98469-466-9
050 _aLC 1203
_b.C37 2025
100 _aCarlo, Joyce,
_eauthor.
245 _aInclusive pedagogy strategies /
_cJoyce Carlo.
260 _aNew York, NY :
_b3G E-Learning LLC,
_c2025.
300 _axx, 296 pages :
_bcolored illustrations ;
_c26 cm.
504 _aIncludes bibliographical references and index.
650 _aInclusive education.
650 _aTeaching
_vMethodology.
650 _aMainstreaming in education.
650 _aEducational equalization.
942 _2lcc
_cBK
999 _c367761
_d367761